[Event "Hillerod Klubmesterskab Gruppe C"]
[Site "Hillerod"]
[Date "????.??.??"]
[Round "6"]
[White "Christoffersen, Micki Aron"]
[Black "Nielsen, Benny"]
[Result "1/2-1/2"]
[WhiteElo "1278"]
[BlackElo "1303"]
[PlyCount "46"]
[EventDate "2017.??.??"]
[EventType "tourn"]
[EventRounds "9"]
[EventCountry "DEN"]

1. e4 e5 2. Nf3 Nc6 3. Bc4 Nf6 4. Ng5 d5 5. exd5 Nxd5 6. Qf3 Qxg5 7. Bxd5 Qf6
8. Bxc6+ Qxc6 9. Qxc6+ bxc6 10. Nc3 Bd6 11. b3 O-O 12. Bb2 Ba6 13. O-O-O Rfe8
14. d3 f6 15. g3 f5 16. Rhf1 e4 17. Rfe1 exd3 18. Rxe8+ Rxe8 19. cxd3 Bb7 20.
h3 c5 21. Rg1 f4 22. Nb5 f3 23. Nxd6 cxd6 1/2-1/2

[Event "Hillerod Klubmesterskab Gruppe C"]
[Site "Hillerod"]
[Date "????.??.??"]
[Round "6"]
[White "Hansen, Hardy"]
[Black "Eldor, Finn"]
[Result "1-0"]
[WhiteElo "1377"]
[BlackElo "1356"]
[PlyCount "75"]
[EventDate "2017.??.??"]
[EventType "tourn"]
[EventRounds "9"]
[EventCountry "DEN"]

1. d4 d5 2. Nf3 e6 3. Bf4 c5 4. c3 Nf6 5. h3 Qb6 6. Qd2 Nc6 7. e3 Ne4 8. Qc2
Bd7 9. a4 Rc8 10. Nbd2 cxd4 11. exd4 Nxd4 12. Nxd4 Qxd4 13. Be3 Qf6 14. Nf3 b6
15. Bd4 Qf5 16. Bd3 f6 17. Qd1 Bd6 18. g4 Qg6 19. Be3 O-O 20. Nh4 Qe8 21. Bxe4
Bc5 22. Bc2 Be7 23. Nf3 Bc6 24. Nd4 Bd7 25. Qd3 f5 26. Rg1 Qg6 27. Qa6 e5 28.
Nf3 e4 29. Ne5 Qe6 30. Nxd7 Qxd7 31. Bd1 f4 32. Bd4 Bh4 33. Kd2 Qe7 34. Kc2 e3
35. Rf1 e2 36. Bxe2 Qxe2+ 37. Qxe2 Rce8 38. Qb5 1-0

[Event "Hillerod Klubmesterskab Gruppe C"]
[Site "Hillerod"]
[Date "????.??.??"]
[Round "6"]
[White "Hein, Jacob"]
[Black "Hviid, Hans Henrik"]
[Result "1-0"]
[WhiteElo "1424"]
[BlackElo "1358"]
[PlyCount "49"]
[EventDate "2017.??.??"]
[EventType "tourn"]
[EventRounds "9"]
[EventCountry "DEN"]

1. e4 e5 2. Nf3 Nf6 3. d3 Nc6 4. c3 d5 5. Qa4 Bd7 6. Bg5 Nd4 7. Qd1 Nxf3+ 8.
Qxf3 Be7 9. Bxf6 Bxf6 10. exd5 g6 11. Nd2 Bf5 12. g4 Bc8 13. Ne4 Bg7 14. g5 O-O
15. h4 Bf5 16. Nf6+ Bxf6 17. gxf6 Qxf6 18. O-O-O Rad8 19. Bh3 Rd6 20. Rdg1 Qxh4
21. Qxf5 Rf6 22. Qxe5 Rxf2 23. Be6 Qe7 24. Rxh7 Kxh7 25. Rh1+ 1-0

[Event "Hillerod Klubmesterskab Gruppe C"]
[Site "Hillerod"]
[Date "????.??.??"]
[Round "6"]
[White "Holm, Erik"]
[Black "Agerso, Sebastian"]
[Result "1/2-1/2"]
[WhiteElo "1369"]
[BlackElo "1000"]
[PlyCount "86"]
[EventDate "2017.??.??"]
[EventType "tourn"]
[EventRounds "9"]
[EventCountry "DEN"]

1. e4 c6 2. Nf3 d5 3. exd5 cxd5 4. d4 Nc6 5. Nc3 Nf6 6. Bb5 Bf5 7. Ne5 Rc8 8.
O-O e6 9. Be3 Bd6 10. Nxc6 bxc6 11. Ba4 O-O 12. Ne2 Qc7 13. h3 c5 14. c3 c4 15.
b3 Rb8 16. b4 Ne4 17. a3 Rfc8 18. Bc2 e5 19. Bxe4 Bxe4 20. f3 Bd3 21. Rf2 exd4
22. Bxd4 Re8 23. Nc1 Bg6 24. Ne2 Re6 25. Qd2 Rbe8 26. f4 Qe7 27. Re1 Bd3 28.
Kf1 Bxf4 29. Qxf4 Bxe2+ 30. Kg1 Bh5 31. Rxe6 Qxe6 32. Qg5 g6 33. Qh6 f6 34.
Bxf6 Qf7 35. Bd4 Re1+ 36. Kh2 Qc7+ 37. g3 Qe7 38. g4 Qc7+ 39. Kg2 Qe7 40. gxh5
Qe4+ 41. Rf3 Qe2+ 42. Rf2 Qe4+ 43. Rf3 Qe2+ 1/2-1/2

[Event "Hillerod Klubmesterskab Gruppe C"]
[Site "Hillerod"]
[Date "????.??.??"]
[Round "6"]
[White "Rabjerg, Thue"]
[Black "Wennerberg, Thien"]
[Result "1-0"]
[WhiteElo "1390"]
[BlackElo "1052"]
[PlyCount "33"]
[EventDate "2017.??.??"]
[EventType "tourn"]
[EventRounds "9"]
[EventCountry "DEN"]

1. e4 c5 2. Nc3 d6 3. f4 e6 4. Nf3 Nf6 5. Bc4 Nc6 6. O-O a6 7. f5 e5 8. Ng5 Nd5
9. Nxd5 f6 10. Qh5+ g6 11. fxg6 Kd7 12. Nf7 Qe8 13. Nxf6+ Ke7 14. Nxe8 Kxe8 15.
Nxh8 Bg7 16. gxh7+ Kd8 17. Nf7+ 1-0

[Event "Hillerod Klubmesterskab Gruppe C"]
[Site "Hillerod"]
[Date "????.??.??"]
[Round "7"]
[White "Agerso, Sebastian"]
[Black "Christoffersen, Micki Aron"]
[Result "0-1"]
[WhiteElo "1000"]
[BlackElo "1278"]
[PlyCount "92"]
[EventDate "2017.??.??"]
[EventType "tourn"]
[EventRounds "9"]
[EventCountry "DEN"]

1. d4 d5 2. c4 Nf6 3. Nf3 Nc6 4. Bf4 e6 5. e3 Bb4+ 6. Nc3 Ne4 7. Rc1 O-O 8. Bd3
Nxc3 9. bxc3 Bd6 10. Bxd6 cxd6 11. cxd5 exd5 12. O-O a6 13. Qb3 Ne7 14. c4 dxc4
15. Bxc4 d5 16. Bd3 b5 17. Rc5 Bd7 18. Qc2 g6 19. Ne5 Bf5 20. Bxf5 Nxf5 21. Rc7
Rc8 22. Rc1 Rxc7 23. Qxc7 Qxc7 24. Rxc7 a5 25. Rc5 Rb8 26. Rxd5 Rc8 27. g4 Nh4
28. Nd3 Rc3 29. Ne1 Rc1 30. Kf1 Nf3 31. Ke2 Nxe1 32. Kd2 Rb1 33. Rc5 Kf8 34. d5
a4 35. e4 b4 36. Ra5 a3 37. Ra4 Nf3+ 38. Kc2 Rb2+ 39. Kc1 Rxa2 40. Rxb4 Rxf2
41. Ra4 a2 42. h4 Nxh4 43. e5 Nf3 44. e6 fxe6 45. dxe6 Ke7 46. Ra6 h5 0-1

[Event "Hillerod Klubmesterskab Gruppe C"]
[Site "Hillerod"]
[Date "????.??.??"]
[Round "7"]
[White "Eldor, Finn"]
[Black "Rabjerg, Thue"]
[Result "1/2-1/2"]
[WhiteElo "1356"]
[BlackElo "1390"]
[PlyCount "54"]
[EventDate "2017.??.??"]
[EventType "tourn"]
[EventRounds "9"]
[EventCountry "DEN"]

1. c4 e5 2. Nc3 Nf6 3. g3 Nc6 4. Bg2 Bc5 5. Nf3 O-O 6. O-O a6 7. e3 d6 8. d4
exd4 9. exd4 Ba7 10. Be3 Ne7 11. Bg5 Ng4 12. Nd5 f6 13. Nxe7+ Qxe7 14. Re1 Qd8
15. Be3 Re8 16. h3 Nxe3 17. fxe3 c5 18. d5 b5 19. b3 bxc4 20. bxc4 Bb6 21. Qd3
Ba5 22. Rf1 Re7 23. Nh4 Qf8 24. Nf5 Bxf5 25. Rxf5 Rae8 26. e4 Re5 27. Raf1 Bd8
1/2-1/2

[Event "Hillerod Klubmesterskab Gruppe C"]
[Site "Hillerod"]
[Date "????.??.??"]
[Round "7"]
[White "Nielsen, Benny"]
[Black "Hein, Jacob"]
[Result "1-0"]
[WhiteElo "1303"]
[BlackElo "1424"]
[PlyCount "129"]
[EventDate "2017.??.??"]
[EventType "tourn"]
[EventRounds "9"]
[EventCountry "DEN"]

1. d4 d5 2. Nf3 Nf6 3. Bg5 Bf5 4. e3 Qd6 5. c3 Qb6 6. Qb3 Nbd7 7. Nbd2 c5 8.
Qxb6 axb6 9. Bb5 Ne4 10. Nxe4 f6 11. Nd6+ exd6 12. Bf4 g5 13. Bg3 h5 14. h3 h4
15. Bh2 Be7 16. O-O Kf7 17. Nd2 Rag8 18. g4 hxg3 19. fxg3 Bxh3 20. Rf2 Nf8 21.
Bf1 Be6 22. Bd3 c4 23. Bf5 Rh6 24. Bxe6+ Kxe6 25. Raf1 Rgh8 26. Nf3 Ng6 27. g4
Rh3 28. Kg2 R3h6 29. Bg3 Kd7 30. Nxg5 Nh4+ 31. Kg1 fxg5 32. Rf7 Ng6 33. R1f6
Rf8 34. Rxd6+ Ke8 35. Rxf8+ Kxf8 36. Rxb6 Bd8 37. Rxb7 Nh4 38. Kf2 Rf6+ 39. Ke2
Rb6 40. Rxb6 Bxb6 41. b3 cxb3 42. axb3 Ke7 43. Kd3 Ng6 44. c4 dxc4+ 45. bxc4
Kd7 46. c5 Bd8 47. Ke4 Kc6 48. Bd6 Ne7 49. Be5 Nd5 50. Bh8 Be7 51. Be5 Bd8 52.
Bh8 Nc3+ 53. Kf5 Kd5 54. Bf6 Bxf6 55. Kxf6 Ne4+ 56. Kf5 Nxc5 57. dxc5 Kxc5 58.
Kxg5 Kd6 59. Kf5 Kd7 60. e4 Ke8 61. Kf6 Kf8 62. e5 Ke8 63. e6 Kf8 64. e7+ Ke8
65. g5 1-0

[Event "Hillerod Klubmesterskab Gruppe C"]
[Site "Hillerod"]
[Date "????.??.??"]
[Round "7"]
[White "Wennerberg, Thien"]
[Black "Holm, Erik"]
[Result "0-1"]
[WhiteElo "1052"]
[BlackElo "1369"]
[PlyCount "58"]
[EventDate "2017.??.??"]
[EventType "tourn"]
[EventRounds "9"]
[EventCountry "DEN"]

1. e4 e5 2. Nf3 Nc6 3. c3 Nf6 4. d4 exd4 5. e5 Nd5 6. Nxd4 Be7 7. Bc4 Nb6 8.
Nxc6 bxc6 9. Bd3 O-O 10. O-O d6 11. Re1 Re8 12. Bf4 Bg5 13. Bxh7+ Kf8 14. Bxg5
Qxg5 15. exd6 Rxe1+ 16. Qxe1 cxd6 17. Qd1 d5 18. Bd3 Bh3 19. g3 Bg4 20. Qd2 Qf6
21. Na3 Nd7 22. Re1 Ne5 23. Rxe5 Qxe5 24. c4 Re8 25. Qb4+ Kg8 26. cxd5 Bh3 27.
Nc2 Qxd5 28. Bh7+ Kh8 29. f3 Qd1+ 0-1

[Event "Hillerod Klubmesterskab Gruppe C"]
[Site "Hillerod"]
[Date "????.??.??"]
[Round "8"]
[White "Christoffersen, Micki Aron"]
[Black "Wennerberg, Thien"]
[Result "1-0"]
[WhiteElo "1278"]
[BlackElo "1052"]
[PlyCount "115"]
[EventDate "2017.??.??"]
[EventType "tourn"]
[EventRounds "9"]
[EventCountry "DEN"]

1. e4 c5 2. Nf3 g6 3. Nc3 Nc6 4. d4 Nxd4 5. Nxd4 cxd4 6. Qxd4 Nf6 7. e5 Ng8 8.
Bc4 e6 9. Ne4 Qa5+ 10. c3 Be7 11. Nd6+ Bxd6 12. exd6 e5 13. Qd5 Qxd5 14. Bxd5
Nf6 15. Bc4 Ne4 16. Bd5 Nxd6 17. Bg5 h6 18. Bf6 Rh7 19. Bxe5 Nf5 20. O-O d6 21.
Bd4 Be6 22. Bxb7 Rb8 23. Bc6+ Ke7 24. Bxa7 Rxb2 25. Bd4 Nxd4 26. cxd4 Rd2 27.
a4 Rxd4 28. a5 Rc4 29. Bb7 Rh8 30. a6 Rc7 31. Rfb1 Bc8 32. Rc1 Rxc1+ 33. Rxc1
Bxb7 34. Rc7+ Ke6 35. Rxb7 Ra8 36. a7 d5 37. g3 Kd6 38. Rxf7 d4 39. Kf1 Ke6 40.
Rb7 h5 41. Ke2 Ke5 42. Kd3 Kd5 43. f4 Kc6 44. Rf7 Kc5 45. h3 Re8 46. Rb7 Re3+
47. Kd2 Ra3 48. g4 h4 49. f5 gxf5 50. gxf5 Kc4 51. f6 d3 52. f7 Kd4 53. Rd7+
Ke4 54. f8=Q Ra2+ 55. Kc3 Rc2+ 56. Kb3 Ke3 57. Rxd3+ Kxd3 58. Qf5+ 1-0

[Event "Hillerod Klubmesterskab Gruppe C"]
[Site "Hillerod"]
[Date "????.??.??"]
[Round "8"]
[White "Hansen, Hardy"]
[Black "Rabjerg, Thue"]
[Result "0-1"]
[WhiteElo "1377"]
[BlackElo "1390"]
[PlyCount "55"]
[EventDate "2017.??.??"]
[EventType "tourn"]
[EventRounds "9"]
[EventCountry "DEN"]

1. d4 Nf6 2. h3 d5 3. Bf4 Bf5 4. Nf3 e6 5. e3 Nc6 6. a3 Bd6 7. Ne5 Bxe5 8. dxe5
Nd7 9. Bb5 f6 10. exf6 Qxf6 11. Nc3 Qg6 12. g4 Bxc2 13. Qe2 O-O 14. Qd2 Nc5 15.
Bxc7 Nb3 16. Qe2 Nxa1 17. Bf4 e5 18. Bg3 d4 19. Nd5 d3 20. Bxd3 Bxd3 21. Qd2
Qe4 22. Rh2 Qxd5 23. Qd1 Nb3 24. f4 exf4 25. Bxf4 Rae8 26. Kf2 Ne5 27. Kg3 Nc5
28. h4 0-1

[Event "Hillerod Klubmesterskab Gruppe C"]
[Site "Hillerod"]
[Date "????.??.??"]
[Round "8"]
[White "Hein, Jacob"]
[Black "Agerso, Sebastian"]
[Result "1-0"]
[WhiteElo "1424"]
[BlackElo "1000"]
[PlyCount "97"]
[EventDate "2017.??.??"]
[EventType "tourn"]
[EventRounds "9"]
[EventCountry "DEN"]

1. c4 e5 2. Nc3 Nf6 3. Nf3 Nc6 4. a3 b6 5. d3 h6 6. b4 Bb7 7. b5 Nd4 8. Nxe5
Qe7 9. f4 O-O-O 10. e4 g5 11. Nf3 Nxf3+ 12. gxf3 Bg7 13. Ra2 Nh5 14. Nd5 Bxd5
15. cxd5 gxf4 16. h4 Ng3 17. Rhh2 Qc5 18. Bxf4 Bc3+ 19. Bd2 Qe3+ 20. Re2 Nxe2
21. Qxe2 Bxd2+ 22. Rxd2 Qg1 23. d6 Qg3+ 24. Kd1 Qxd6 25. Ra2 Qc5 26. a4 Rhg8
27. Rc2 Qa3 28. Qh2 d6 29. e5 Rge8 30. Qf4 dxe5 31. Qe4 Rd4 32. Qa8+ Kd7 33.
Qc6+ Ke7 34. Qxc7+ Kf8 35. Qxa7 Red8 36. Rd2 R8d6 37. Qb8+ Kg7 38. Rg2+ Rg6 39.
Qxe5+ f6 40. Rxg6+ Kxg6 41. h5+ Kf7 42. Qxd4 Qb3+ 43. Kd2 Qa2+ 44. Ke3 Qe6+ 45.
Qe4 Qb3 46. Bh3 Qc3 47. Be6+ Kg7 48. Qg6+ Kf8 49. Qf7# 1-0

[Event "Hillerod Klubmesterskab Gruppe C"]
[Site "Hillerod"]
[Date "????.??.??"]
[Round "8"]
[White "Holm, Erik"]
[Black "Eldor, Finn"]
[Result "0-1"]
[WhiteElo "1369"]
[BlackElo "1356"]
[PlyCount "56"]
[EventDate "2017.??.??"]
[EventType "tourn"]
[EventRounds "9"]
[EventCountry "DEN"]

1. e4 c5 2. Nf3 Nc6 3. d4 cxd4 4. Nxd4 e5 5. Nf3 Nf6 6. Nc3 Bb4 7. Bd3 Nd4 8.
Bd2 d6 9. Nxd4 exd4 10. Ne2 Bc5 11. O-O O-O 12. h3 Re8 13. Bg5 d5 14. Ng3 Qb6
15. Bxf6 Qxf6 16. Re1 Be6 17. Qe2 Bb4 18. Red1 Bd7 19. a3 Bd6 20. Rf1 Qg5 21.
Qf3 Be6 22. Rae1 f6 23. Re2 Re7 24. Rfe1 Rae8 25. Nf5 Bxf5 26. exf5 Re5 27. Qg4
Rxe2 28. Rxe2 Qc1+ 0-1

[Event "Hillerod Klubmesterskab Gruppe C"]
[Site "Hillerod"]
[Date "????.??.??"]
[Round "8"]
[White "Hviid, Hans Henrik"]
[Black "Nielsen, Benny"]
[Result "1-0"]
[WhiteElo "1358"]
[BlackElo "1303"]
[PlyCount "69"]
[EventDate "2017.??.??"]
[EventType "tourn"]
[EventRounds "9"]
[EventCountry "DEN"]

1. c4 b6 2. g3 Bb7 3. Nf3 Nf6 4. Bg2 e6 5. O-O Be7 6. d3 O-O 7. e4 c5 8. b3 d5
9. e5 Nfd7 10. Qc2 d4 11. h4 a5 12. Bg5 Bxg5 13. Nxg5 Bxg2 14. Kxg2 Nxe5 15.
Qe2 Nbc6 16. f4 Nd7 17. Qe4 Nf6 18. Qxc6 Rc8 19. Qf3 h6 20. Ne4 Nxe4 21. Qxe4
Qc7 22. Nd2 Qc6 23. Qxc6 Rxc6 24. a4 f5 25. Nf3 Rd6 26. Ne5 Kh7 27. h5 Re8 28.
Rae1 Re7 29. Re2 Re8 30. Rfe1 Kg8 31. Ng6 Kf7 32. Nh4 Kf6 33. Re5 Re7 34. Nxf5
Re8 35. Nxd6 1-0

[Event "Hillerod Klubmesterskab Gruppe C"]
[Site "Hillerod"]
[Date "????.??.??"]
[Round "9"]
[White "Agerso, Sebastian"]
[Black "Hviid, Hans Henrik"]
[Result "1-0"]
[WhiteElo "1000"]
[BlackElo "1358"]
[PlyCount "103"]
[EventDate "2017.??.??"]
[EventType "tourn"]
[EventRounds "9"]
[EventCountry "DEN"]

1. e4 d5 2. d3 dxe4 3. Ne2 exd3 4. cxd3 Nf6 5. g3 b6 6. Bg2 Nc6 7. Bxc6+ Bd7 8.
Bxa8 Qxa8 9. O-O Bh3 10. Nf4 Bxf1 11. Kxf1 Qh1+ 12. Ke2 Qxd1+ 13. Kxd1 e5 14.
Ne2 Ng4 15. Be3 Nxh2 16. Nd2 Ng4 17. Rc1 Bd6 18. Ne4 O-O 19. Nxd6 Nxe3+ 20.
fxe3 cxd6 21. Rc7 Ra8 22. g4 d5 23. Ng3 g6 24. Kc2 a6 25. Kc3 Kg7 26. g5 h6 27.
gxh6+ Kxh6 28. Rxf7 Rc8+ 29. Kb3 Rc6 30. Re7 Rc5 31. Rxe5 Rb5+ 32. Kc2 Rc5+ 33.
Kd2 Rb5 34. Kc2 Rc5+ 35. Kb1 a5 36. e4 d4 37. Rxc5 bxc5 38. Kc2 Kg7 39. Kb3 Kf6
40. Kc4 Ke5 41. Kxc5 Kf4 42. Ne2+ Ke3 43. e5 Kxe2 44. Kxd4 g5 45. e6 g4 46. e7
g3 47. e8=Q+ Kf3 48. Qe3+ Kg2 49. Ke4 Kh2 50. Kf3 g2 51. Qe2 Kh1 52. Qxg2# 1-0

[Event "Hillerod Klubmesterskab Gruppe C"]
[Site "Hillerod"]
[Date "????.??.??"]
[Round "9"]
[White "Eldor, Finn"]
[Black "Christoffersen, Micki Aron"]
[Result "1/2-1/2"]
[WhiteElo "1356"]
[BlackElo "1278"]
[PlyCount "80"]
[EventDate "2017.??.??"]
[EventType "tourn"]
[EventRounds "9"]
[EventCountry "DEN"]

1. Nf3 Nc6 2. g3 Nf6 3. Bg2 e5 4. e3 d5 5. d4 e4 6. Nfd2 Bd6 7. c4 dxc4 8. Nxe4
Nxe4 9. Bxe4 Be6 10. d5 Bd7 11. dxc6 Bxc6 12. Bxc6+ bxc6 13. Qd4 O-O 14. Qxc4
Qd7 15. O-O Rfe8 16. Nc3 c5 17. b3 Qc6 18. Ba3 Rab8 19. Rad1 Red8 20. Ne4 Rb5
21. Nxc5 Re8 22. Rc1 Bxc5 23. Bxc5 Re5 24. Bd4 Qf6 25. Bxe5 Rxe5 26. Qxc7 h6
27. Qxa7 h5 28. Qd4 g5 29. a4 h4 30. a5 h3 31. f3 Qe6 32. Qc4 Qe7 33. Qc8+ Kg7
34. Qc3 Kg6 35. b4 f5 36. Rfe1 g4 37. f4 Rb5 38. Qc6+ Kh5 39. Qxb5 Qe6 40. Rc6
Qxc6 1/2-1/2

[Event "Hillerod Klubmesterskab Gruppe C"]
[Site "Hillerod"]
[Date "????.??.??"]
[Round "9"]
[White "Nielsen, Benny"]
[Black "Hansen, Hardy"]
[Result "0-1"]
[WhiteElo "1303"]
[BlackElo "1377"]
[PlyCount "52"]
[EventDate "2017.??.??"]
[EventType "tourn"]
[EventRounds "9"]
[EventCountry "DEN"]

1. e4 c5 2. c3 Nc6 3. Nf3 e5 4. d3 h6 5. Be2 Nf6 6. O-O d6 7. h3 Be7 8. Be3 b6
9. Nbd2 g5 10. g4 h5 11. Nh2 hxg4 12. hxg4 Ng8 13. Kg2 Bf6 14. Rh1 Qd7 15. Ndf3
Qe7 16. Qd2 Bd7 17. Nxg5 O-O-O 18. Kg3 Bg7 19. Nhf3 Nf6 20. Nh4 Rdg8 21. Nf5
Bxf5 22. exf5 Qf8 23. c4 Bh6 24. Bf3 Nd4 25. Rxh6 Qxh6 26. Nxf7 Qh3# 0-1

[Event "Hillerod Klubmesterskab Gruppe C"]
[Site "Hillerod"]
[Date "????.??.??"]
[Round "9"]
[White "Rabjerg, Thue"]
[Black "Holm, Erik"]
[Result "1-0"]
[WhiteElo "1390"]
[BlackElo "1369"]
[PlyCount "89"]
[EventDate "2017.??.??"]
[EventType "tourn"]
[EventRounds "9"]
[EventCountry "DEN"]

1. e4 e5 2. Nf3 Nc6 3. Bc4 Nf6 4. Ng5 d5 5. exd5 Nxd5 6. Nxf7 Kxf7 7. Qf3+ Ke6
8. Nc3 Nce7 9. O-O c6 10. Re1 Ng6 11. d4 Be7 12. Ne4 b6 13. Qg4+ Kf7 14. Ng5+
Bxg5 15. Qxg5 Qxg5 16. Bxg5 Re8 17. Bb3 Kf8 18. c4 Nc7 19. d5 cxd5 20. cxd5 Nb5
21. Rad1 Nd6 22. Ba4 b5 23. Bc2 Bf5 24. Bb3 Rac8 25. Bd2 Bc2 26. Bxc2 Rxc2 27.
Bb4 Ke7 28. Bc3 Rc8 29. f4 e4 30. Bb4 Nxf4 31. Rxe4+ Kd7 32. Rxf4 Rxb2 33. a3
Rcc2 34. Rg4 g6 35. Re1 Nf5 36. h3 Rb3 37. Kh2 Ne3 38. Rg3 Rxg2+ 39. Rxg2 Nxg2
40. Kxg2 Rd3 41. Re7+ Kd8 42. d6 a6 43. Ba5+ Kc8 44. Rc7+ Kd8 45. Rc3+ 1-0

[Event "Hillerod Klubmesterskab Gruppe C"]
[Site "Hillerod"]
[Date "????.??.??"]
[Round "9"]
[White "Wennerberg, Thien"]
[Black "Hein, Jacob"]
[Result "0-1"]
[WhiteElo "1052"]
[BlackElo "1424"]
[PlyCount "136"]
[EventDate "2017.??.??"]
[EventType "tourn"]
[EventRounds "9"]
[EventCountry "DEN"]

1. e4 e5 2. Nf3 Nf6 3. Nxe5 d6 4. Nxf7 Kxf7 5. d4 Nxe4 6. Qh5+ Kf6 7. Qh4+ g5
8. Qxe4 Qe7 9. Qxe7+ Bxe7 10. Bc4 c6 11. Nc3 Re8 12. O-O b5 13. Ne4+ Kg6 14.
Bd3 Bf5 15. Re1 Bf8 16. Bxg5 d5 17. Nf6 Rxe1+ 18. Rxe1 Bxd3 19. cxd3 Na6 20. h4
h6 21. Bd2 Kxf6 22. Rc1 Rc8 23. f4 Kf5 24. g3 Bb4 25. Be3 Ba5 26. a3 b4 27. Kf2
Bb6 28. Kf3 h5 29. Rg1 Rg8 30. Bd2 Bxd4 31. Rc1 c5 32. axb4 cxb4 33. Rc6 Nc5
34. Bxb4 Nxd3 35. Bc3 Bf2 36. Ke2 Rxg3 37. Rd6 Ke4 38. Re6+ Kxf4 39. Be5+ Nxe5
40. Kxf2 Ng4+ 41. Kf1 Kf3 42. Ke1 Rg1+ 43. Kd2 d4 44. Re7 a6 45. Ra7 Nf6 46.
Rf7 Rg6 47. Kd3 Kg3 48. Kxd4 Kxh4 49. Ke5 Ng4+ 50. Kf5 Nh6+ 51. Kxg6 Nxf7 52.
Kxf7 Kg3 53. Ke6 a5 54. Kd5 h4 55. Kc4 h3 56. Kb5 h2 57. Kxa5 h1=Q 58. b4 Qa8+
59. Kb5 Kf4 60. Kc4 Qc6+ 61. Kb3 Qb5 62. Kc3 Ke5 63. Kb3 Kd4 64. Ka3 Kc3 65.
Ka2 Qxb4 66. Ka1 Qa5+ 67. Kb1 Qa8 68. Kc1 Qh1# 0-1